00485nam a2200181Ia 4500003000400000005001700004006001800021007000300039008004100042037001700083040001800100041001300118082001200131100002200143245004600165260007200211300002000283OSt20220925194700.0a|||||r|||| 00| 0ta220923b |||||||| |||| 00| 0 eng d cGeneral Book aRTLcRTLbeng 2engaeng aYb4, M4 aSkocpol Theda Ed. 0aVision and method in historical sociology aCambridgebPress Syndicate of the University of Cambridge c1984 axiii, 410pccm.